00566njm a2200157 i 4500001001100000003000500011005001700016008004100033040002500074245001900099264007000118336002100188337002500209338002300234500015100257C2-0218297PPAK20180729152124.0990726s1991 my |||| ||||| | may d aPPAKbengcPPAKerda00aDialog Utara V 1aAlor Setar, Kedah : bPerbadanan Perpustakaan Awam Kedah , c1991 2rdacontentatext 2rdamediaaunmediated 2rdacarrieravolume aDirakam pada 6/5/91 ; Disampaikan oleh S.N Dato' Prof. Shahnnon Ahmad, S.N.Arenawati dan Dato' Pendeta Prof.Dr. Ismail Hussein ; Tiada transkripsi